| Tag |
First Indicator |
Second Indicator |
Subfields |
| LEADER |
00000cam a2200000 a 4500 |
| 001 |
in00001088694 |
| 005 |
20150929204243.0 |
| 008 |
920402s1992 cau b s001 0beng |
| 010 |
|
|
|a 92015114
|
| 020 |
|
|
|a 0520076788 (alk. paper)
|
| 035 |
|
|
|a (OCoLC)25713139
|
| 035 |
|
|
|9 AFT4275AM
|
| 040 |
|
|
|a DLC
|c DLC
|d TXA
|d UtOrBLW
|
| 043 |
|
|
|a e-fr---
|
| 049 |
|
|
|a TXAM
|
| 050 |
0 |
0 |
|a DC373.V3
|b D68 1992
|
| 082 |
0 |
0 |
|a 944.081/092
|a B
|2 20
|
| 100 |
1 |
|
|a Douglas, Allen,
|d 1949-
|
| 245 |
1 |
0 |
|a From fascism to libertarian communism :
|b Georges Valois against the Third Republic /
|c Allen Douglas.
|
| 264 |
|
1 |
|a Berkeley :
|b University of California Press,
|c [1992]
|
| 264 |
|
4 |
|c ©1992
|
| 300 |
|
|
|a xix, 328 pages ;
|c 24 cm.
|
| 336 |
|
|
|a text
|b txt
|2 rdacontent
|
| 337 |
|
|
|a unmediated
|b n
|2 rdamedia
|
| 338 |
|
|
|a volume
|b nc
|2 rdacarrier
|
| 504 |
|
|
|a Includes bibliographical references and index.
|
| 600 |
1 |
0 |
|a Valois, Georges,
|d 1878-1945.
|
| 651 |
|
0 |
|a France
|x Politics and government
|y 20th century.
|
| 650 |
|
0 |
|a Right and left (Political science)
|
| 650 |
|
0 |
|a Politicians
|z France
|v Biography.
|
| 999 |
|
|
|a MARS
|
| 999 |
f |
f |
|s cec82629-01de-3e5a-afc7-1232aae95059
|i e8cf93d6-7319-3022-9821-d146bfd9a9b4
|t 0
|
| 952 |
f |
f |
|p ric
|a Texas A&M University
|b Rellis Campus
|c Joint Library Facility
|d Remote Storage
|t 0
|e DC373.V3 D68 1992
|h Library of Congress classification
|i unmediated -- volume
|m A14816648211
|
| 998 |
f |
f |
|a DC373.V3 D68 1992
|t 0
|l Remote Storage
|